Introduction to governmental and not-for-profit accounting / (Record no. 1058)
[ view plain ]
| 000 -LEADER | |
|---|---|
| fixed length control field | 00879cac a22002051u 4500 |
| 008 - FIXED-LENGTH DATA ELEMENTS--GENERAL INFORMATION | |
| fixed length control field | 081201t2004 nyj|||||r|||| 001 0 eng d |
| 020 ## - INTERNATIONAL STANDARD BOOK NUMBER | |
| International Standard Book Number | 0130464147 |
| 082 ## - DEWEY DECIMAL CLASSIFICATION NUMBER | |
| Classification number | 657.835 |
| Item number | IVE |
| Edition number | 22 |
| 245 ## - TITLE STATEMENT | |
| Title | Introduction to governmental and not-for-profit accounting / |
| Statement of responsibility, etc | Martin Ives |
| 250 ## - EDITION STATEMENT | |
| Edition statement | 5th ed. / |
| Remainder of edition statement | Martin Ives, Joseph R. Razek, Gordon A. Hosch. |
| 260 ## - PUBLICATION, DISTRIBUTION, ETC. (IMPRINT) | |
| Place of publication, distribution, etc | Upper Saddle River, N.J. : |
| Name of publisher, distributor, etc | Pearson Prentice Hall, |
| Date of publication, distribution, etc | c2004. |
| 300 ## - PHYSICAL DESCRIPTION | |
| Extent | xvi, 704 p. : |
| Other physical details | ill. ; |
| Dimensions | 24 cm. |
| 500 ## - GENERAL NOTE | |
| General note | "International edition"--Cover. |
| 500 ## - GENERAL NOTE | |
| General note | Previous ed.: / Joseph R. Razek, Gordon A. Hosch. Englewood Cliffs, NJ ; London : Prentice Hall, 2000. |
| 504 ## - BIBLIOGRAPHY, ETC. NOTE | |
| Bibliography, etc | Includes bibliographical references and index. |
| 650 ## - SUBJECT ADDED ENTRY--TOPICAL TERM | |
| Topical term or geographic name as entry element | Nonprofit organizations |
| General subdivision | Accounting. |
| 9 (RLIN) | 33532 |
| 650 ## - SUBJECT ADDED ENTRY--TOPICAL TERM | |
| 9 (RLIN) | 33531 |
| Topical term or geographic name as entry element | Finance, Public |
| General subdivision | Accounting |
| 700 ## - ADDED ENTRY--PERSONAL NAME | |
| Personal name | Hosch, Gordon A., |
| -- | d 1941- |
| 9 (RLIN) | 33533 |
| 942 ## - ADDED ENTRY ELEMENTS (KOHA) | |
| Item type | Book - Borrowing |
| Call number prefix | 657.835IVE |
| Source of classification or shelving scheme | Dewey Decimal Classification |
| Withdrawn status | Item status | Source of classification or shelving scheme | Damaged status | Not for loan | Home library | Current library | Shelving location | Date acquired | Source of acquisition | Total Checkouts | Full call number | Barcode | Date last seen | Koha item type |
|---|---|---|---|---|---|---|---|---|---|---|---|---|---|---|
| Dewey Decimal Classification | Central Library | Central Library | First floor | 17/08/2006 | Purchase | 657.835 IVE | 000003439 | 15/07/2025 | Book - Borrowing | |||||
| Dewey Decimal Classification | Central Library | Central Library | First floor | 07/08/2006 | Purchase | 657.835 IVE | 000005030 | 15/07/2025 | Book - Borrowing | |||||
| Dewey Decimal Classification | Central Library | Central Library | First floor | 01/12/2008 | Purchase | 657.835 IVE | 000005292 | 15/07/2025 | NB - Book (Non borrowing) |